Βυζαντινή & μεταβυζαντινή αρχιτεκτονική στην Ελλάδα

Αποθηκεύτηκε σε:
Λεπτομέρειες βιβλιογραφικής εγγραφής
Κύριος συγγραφέας: Μπούρας, Χαράλαμπος Θ., 1933-2016
Μορφή: Βιβλίο
Γλώσσα:Greek
Δημοσίευση: Αθήνα : Μέλισσα, c2001.
Σειρά:Καλλιτεχνική βιβλιοθήκη
Θέματα:
Ετικέτες: Προσθήκη ετικέτας
Δεν υπάρχουν, Καταχωρήστε ετικέτα πρώτοι!

MARC

LEADER 00000cam a2200000 i 4500
001 1/28803
008 130423s2001 gr | ||| |||| ||gre||
020 |a 960204229X 
035 |l 10114260 
040 |a GR-MyUa  |b gre  |e AACR2 
041 0 |a gre 
082 7 |a 726.509   |2 (22)  
082 7 |a 726.509495   |2 (23)  
100 1 |a Μπούρας, Χαράλαμπος Θ.,   |d 1933-2016. 
245 1 0 |a Βυζαντινή & μεταβυζαντινή αρχιτεκτονική στην Ελλάδα /   |c Χαράλαμπος Μπούρας.  
260 |a Αθήνα :   |b Μέλισσα,   |c c2001.  
300 |a 311 σ. :   |b εικ. ;   |c 30 εκ.  
490 1 |a (Καλλιτεχνική βιβλιοθήκη) 
504 |a Βιβλιογραφία: σ. 297-300. Ευρετήριο.  
650 0 |a Architecture, Byzantine  |z Greece. 
650 0 |a Orthodox Eastern church buildings  |z Greece. 
650 0 |a Church architecture  |z Greece. 
650 0 |a Church buildings  |z Greece. 
830 0 |a Καλλιτεχνική βιβλιοθήκη 
852 |a INST  |b LESVOS  |c EUDOXUS  |e 20150929  |h 726.509 ΜΠΟ  |p 005100057162  |q 005100057162  |t BK  |y 0 
852 |a INST  |b RHODES  |c EUDOXUS  |e 20130423  |h 726.509 ΜΠΟ  |p 005400035138  |q 005400035138  |t EDX  |y 0 
852 |a INST  |b RHODES  |c EUDOXUS  |e 20140326  |h 726.509 ΜΠΟ  |p 005400036317  |q 005400036317  |t EDX  |y 0 
852 |a INST  |b SYROS  |c EUDOXUS  |e 20151209  |h 726.509495 ΜΠΟ  |p 005500011903  |q 005500011903  |t BK  |y 0 
901 |a BIBL4-2013-1 
901 |a BIBL4-2014-1 
920 |a Εύδοξος  |b Επιστροφή  |y Ρόδος  |z 2013-04 
920 |a Εύδοξος  |b Επιστροφή  |y Λέσβος  |z 2015-09 
920 |a Εύδοξος  |b Επιστροφή  |y Ρόδος  |z 2014-03 
920 |a Εύδοξος  |b Επιστροφή  |y Σύρος  |z 2014-05 
922 |a 4ΕΛΗ 
970 |z 2013/04/23